[Event "Asia-ch U20"]
[Site "Sri Lanka"]
[Date "2009.07.04"]
[Round "4"]
[White "Nikesh, Duwal"]
[Black "Munasinghe, DGSD"]
[Result "1-0"]
[WhiteElo "1750"]
[BlackElo "1854"]
[PlyCount "61"]
[EventDate "2009.07.02"]
[EventType "swiss"]
[EventRounds "9"]
[EventCountry "SRI"]
[SourceTitle "EXT 2010"]
[Source "ChessBase"]
[SourceDate "2010.11.25"]
[SourceVersion "1"]
[SourceVersionDate "2010.11.25"]
[SourceQuality "1"]

1. e4 c5 2. Nf3 d6 3. Bc4 Nf6 4. d3 g6 5. c3 Bg7 6. Be3 0-0 7. Qd2 Nc6 8. Bh6 a6 9. Bxg7 Kxg7 10. a4 Bg4 11. Na3 Qd7 12. Nh4 Be6 13. Bxe6 Qxe6 14. 0-0 Rfb8 15. f4 Qg4 16. Qf2 Nh5 17. Nc2 Qd7 18. d4 cxd4 19. cxd4 e5 20. dxe5 dxe5 21. Rad1 Qe7 22. Ne3 Qe6 23. Rd6 Qe8 24. fxe5 Rd8 25. g4 Nxe5 26. Rxd8 Qxd8 27. gxh5 Qg5+ 28. Qg3 Qxh5 29. Rf5 Qxh4 30. Qxh4 gxf5 31. Nxf5+ 1-0

[Event "Asia-ch U20"]
[Site "Sri Lanka"]
[Date "2009.07.02"]
[Round "1"]
[White "Vishnu, Prasanna V"]
[Black "Nikesh, Duwal"]
[Result "1-0"]
[WhiteElo "2330"]
[BlackElo "1750"]
[PlyCount "43"]
[EventDate "2009.07.02"]
[EventType "swiss"]
[EventRounds "9"]
[EventCountry "SRI"]
[SourceTitle "EXT 2010"]
[Source "ChessBase"]
[SourceDate "2010.11.25"]
[SourceVersion "1"]
[SourceVersionDate "2010.11.25"]
[SourceQuality "1"]

1. e4 c6 2. d4 d5 3. e5 Bf5 4. Nf3 e6 5. Be2 c5 6. Be3 Qb6 7. Nc3 Nc6 8. Rb1 a6 9. 0-0 cxd4 10. Nxd4 Nxd4 11. Bxd4 Qc7 12. b4 Ne7 13. b5 a5 14. b6 Qc8 15. Nb5 Kd7 16. Nc7 Rb8 17. Rc1 Nc6 18. c4 Ba3 19. cxd5 exd5 20. Bc5 Be6 21. Bxa3 Rd8 22. Bg4 1-0

[Event "Asia-ch U20"]
[Site "Chennai"]
[Date "2008.12.10"]
[Round "5"]
[White "Islam, Rezaul Babu"]
[Black "Nikesh, Duwal"]
[Result "0-1"]
[WhiteElo "2031"]
[BlackElo "1777"]
[PlyCount "70"]
[EventDate "2008.12.05"]
[EventType "swiss"]
[EventRounds "9"]
[EventCountry "IND"]
[SourceTitle "CBM 127 Extra"]
[Source "ChessBase"]
[SourceDate "2009.01.08"]
[SourceVersion "2"]
[SourceVersionDate "2009.01.28"]
[SourceQuality "1"]

1. Nf3 c6 2. c4 d5 3. cxd5 cxd5 4. Nc3 Nf6 5. h3 Bf5 6. Nd4 Bd7 7. Qb3 Nc6 8. Nf3 e6 9. d4 Na5 10. Qd1 Rc8 11. Bf4 Nc4 12. Qc2 Bb4 13. a3 Qa5 14. Ra2 Nxa3 15. Rxa3 Bxa3 16. bxa3 Qxc3+ 17. Qxc3 Rxc3 18. e3 Rxa3 19. Ne5 0-0 20. Bg5 Rc8 21. Bxf6 Ra2 22. Be2 Rc1+ 23. Bd1 Ba4 24. 0-0 gxf6 25. Nxf7 Rxd1 26. Rxd1 Bxd1 27. Nd8 b5 28. Nxe6 b4 29. Nf4 Bb3 30. Nd3 a5 31. f3 Bc4 32. Nc5 b3 33. Nxb3 Bxb3 34. e4 Rd2 35. e5 a4 0-1